000
00163 a2200085 4500
041
_a
spa
100
_a
Grejniec, Michael
245
_a
A que sabe la luna
942
_c
BK
999
_c
14769
_d
14769